| 000 | 01362nam a22003257a 4500 | ||
|---|---|---|---|
| 005 | 20240530110354.0 | ||
| 008 | 141230s2009 ua df g b 000 0 ara d | ||
| 017 |
_a2009/5401 _bمصر . دار الكتب المصرية |
||
| 020 | _a9772327163 | ||
| 040 | _aEG-CaGPL | ||
| 041 | 0 | _aara | |
| 082 | 0 | 4 |
_221 _a371.334\ _bا ت |
| 100 | 0 | _aالغريب زاهر اسماعيل | |
| 245 | 1 | 2 |
_aالتعليم الالكترونى : _bمن التطبيق الى الاحتراف و الجودة / _cتاليف الغريب زاهر اسماعيل |
| 250 | _aط1 | ||
| 260 |
_aالقاهرة : _bعالم الكتب ، _c2009 |
||
| 300 |
_a726 ص : _bايض ؛ _c24 سم |
||
| 505 | _aيحتوى على ارجاعات ببليوجرافية | ||
| 650 | 0 | 4 |
_aالتعليم الالكترونى _xفلسفة |
| 650 | 0 | 4 |
_aالتعليم الالكترونى _xمستويات |
| 650 | 0 | 4 |
_aالتعليم الالكترونى _xاهمية |
| 650 | 0 | 4 |
_aالتعليم الالكترونى _xتحديات |
| 650 | 0 | 4 |
_aالتعليم الالكترونى _xفوائد |
| 650 | 0 | 4 | _aالتعليم المدمج |
| 650 | 0 | 4 | _aالحكومة التعليمية الالكترونية |
| 650 | 0 | 4 | _aالجامعة الالكترونية |
| 650 | 0 | 4 | _aالمدرسة الالكترونية |
| 942 |
_2ddc _cBK |
||
| 999 |
_c60127 _d60127 |
||